[Event "Titled Tue 26th Aug Early"]
[Site "chess.com INT"]
[Date "2025.08.26"]
[Round "7"]
[White "Nurgaliyev, Sauat"]
[Black "Klukin, Kirill"]
[Result "0-1"]
[WhiteTitle "IM"]
[BlackTitle "IM"]
[WhiteElo "2410"]
[BlackElo "2401"]
[WhiteFideId "13726285"]
[BlackFideId "24199273"]
[EventDate "2025.08.26"]

1. e4 e6 2. d4 d5 3. Nc3 Nf6 4. Bg5 dxe4 5. Nxe4 Be7 6. Bxf6 gxf6 7. Nc3 a6 8.
g3 b5 9. Bg2 c6 10. Nge2 Bb7 11. Nf4 Nd7 12. Qh5 Nf8 13. O-O-O Rg8 14. h4 Bd6
15. Nxe6 Nxe6 16. Rhe1 Kf8 17. d5 cxd5 18. Bxd5 Bxd5 19. Nxd5 Rg7 20. Qf3 Rc8
21. Nxf6 Qc7 22. c3 b4 23. Rxe6 fxe6 24. Rxd6 Rf7 25. Rxe6 bxc3 26. b3 Qa5 27.
Nxh7+ Kg8 28. Rg6+ Kh8 29. Qxf7 Qa3+ 30. Kd1 c2+ 31. Ke2 Qb2 32. Nf6 c1=Q+ 33.
Kf3 Qd1+ 34. Kg2 Qxf2+ 35. Kxf2 Qd2+ 36. Kf3 Rc3+ 37. Kg4 Qe2+ 38. Kf5 Rc5+ 39.
Kf4 Qe5+ 40. Kg4 Qe2+ 41. Kf4 Qf2+ 42. Kg4 Qf5# 0-1

[Event "Titled Tue 26th Aug Early"]
[Site "chess.com INT"]
[Date "2025.08.26"]
[Round "7"]
[White "Buscar, Michael"]
[Black "Imomkuzieva, Nilufarkhon"]
[Result "0-1"]
[BlackTitle "WFM"]
[WhiteElo "2015"]
[BlackElo "2105"]
[WhiteFideId "2603616"]
[BlackFideId "14216736"]
[EventDate "2025.08.26"]

1. d4 d5 2. c4 e5 3. e3 exd4 4. Qxd4 dxc4 5. Qxd8+ Kxd8 6. Bxc4 Ke8 7. Nf3 Bd6
8. Nc3 Be6 9. Bxe6 fxe6 10. b3 Nf6 11. Bb2 Ke7 12. Ke2 Nbd7 13. Rhd1 a6 14. Rac1
Rhd8 15. h3 c6 16. Ng5 h6 17. Nge4 Bc7 18. Ba3+ Kf7 19. Nd6+ Bxd6 20. Bxd6 Nd5
21. Ne4 N7f6 22. Nxf6 gxf6 23. Ba3 e5 24. g3 Ke6 25. e4 Nc7 26. Bb4 Nb5 27. Bd2
Nd4+ 28. Kf1 h5 29. Be3 Rac8 30. Bxd4 Rxd4 31. Rxd4 exd4 32. f4 c5 33. Ke2 f5
34. Kd3 b6 35. Re1 Rg8 36. Rg1 h4 37. g4 fxg4 38. hxg4 h3 39. g5 h2 40. Rh1 Rh8
41. Ke2 Rh3 42. Kf2 d3 43. Kg2 Rh8 44. g6 Kf6 45. f5 d2 46. a4 b5 47. axb5 axb5
48. g7 Kxg7 49. e5 Kf7 50. Kf2 c4 51. Ke2 c3 0-1

[Event "Titled Tue 26th Aug Early"]
[Site "chess.com INT"]
[Date "2025.08.26"]
[Round "7"]
[White "Samunenkov, Ihor"]
[Black "Shimanov, Aleksandr"]
[Result "1-0"]
[WhiteTitle "GM"]
[BlackTitle "GM"]
[WhiteElo "2548"]
[BlackElo "2578"]
[WhiteFideId "14187086"]
[BlackFideId "4198603"]
[EventDate "2025.08.26"]

1. d4 d5 2. Nf3 Nf6 3. Bf4 c5 4. e3 Qb6 5. Nbd2 Qxb2 6. c4 e6 7. Be2 Nbd7 8. O-O
Be7 9. cxd5 exd5 10. dxc5 Nxc5 11. Be5 Qb6 12. Nd4 O-O 13. Rb1 Qd8 14. N2b3 Nce4
15. Rc1 Bd6 16. Bxd6 Nxd6 17. Bf3 Qe7 18. Ne2 Be6 19. Nf4 Rfd8 20. Nd4 Nc4 21.
Be2 Nd6 22. Qb3 Rac8 23. Qb4 Kf8 24. Bd3 g5 25. Nfxe6+ fxe6 26. Rxc8 Rxc8 27. f4
gxf4 28. exf4 Kf7 29. Rb1 b6 30. Nf3 Nde4 31. Ne5+ Kf8 32. g4 Rc1+ 33. Kg2 Rxb1
34. Qxe7+ Kxe7 35. Bxb1 Nc3 36. Bd3 h6 37. g5 hxg5 38. fxg5 Nfe4 39. h4 b5 40.
Kf3 a5 41. Kf4 b4 42. h5 a4 43. h6 b3 44. a3 Nc5 45. h7 1-0

[Event "Titled Tue 26th Aug Early"]
[Site "chess.com INT"]
[Date "2025.08.26"]
[Round "7"]
[White "Beznosov, Timofey"]
[Black "Smieszek, Wojciech"]
[Result "1-0"]
[WhiteTitle "CM"]
[BlackTitle "CM"]
[WhiteElo "2131"]
[BlackElo "2141"]
[WhiteFideId "34497951"]
[BlackFideId "1156047"]
[EventDate "2025.08.26"]

1. c3 Nf6 2. d3 g6 3. h3 Bg7 4. g4 O-O 5. g5 Nd5 6. Nf3 c5 7. h4 Nc6 8. h5 e5 9.
Nbd2 Nf4 10. h6 Bh8 11. Ne4 d5 12. Nxc5 b6 13. Nb3 Bg4 14. Bxf4 exf4 15. Nbd2
Re8 16. Bh3 Qd7 17. Bxg4 Qxg4 18. Kf1 Re7 19. Qa4 Re6 20. Rh4 Qf5 21. Qxf4 Qxf4
22. Rxf4 Rae8 23. e3 b5 24. a4 b4 25. cxb4 Bxb2 26. Ra2 Bc3 27. Rc2 Be5 28. Nxe5
Nxe5 29. Ke2 Rb6 30. b5 a6 31. Rc5 axb5 32. axb5 Rd8 33. d4 Nc4 34. Nxc4 dxc4
35. Rf6 Rb7 36. Rd6 Rdb8 37. b6 f6 38. Rxf6 Rxb6 39. Rxb6 Rxb6 40. Rxc4 Kf7 41.
Rc7+ Ke6 42. e4 Rb2+ 43. Ke3 Rb3+ 44. Kf4 Rb2 45. f3 Rb6 46. d5+ Kd6 47. Rxh7
Ra6 48. Rg7 1-0

[Event "Titled Tue 26th Aug Early"]
[Site "chess.com INT"]
[Date "2025.08.26"]
[Round "7"]
[White "Sakhayi, Mostafa"]
[Black "Harriott, Tyrell"]
[Result "1-0"]
[WhiteTitle "CM"]
[WhiteElo "2166"]
[BlackElo "1933"]
[WhiteFideId "12512532"]
[BlackFideId "2086484"]
[EventDate "2025.08.26"]

1. d4 d5 2. c4 e6 3. Nc3 f5 4. Bf4 c6 5. e3 Ne7 6. h4 Ng6 7. Bg3 Bd6 8. h5 Ne7
9. Nge2 O-O 10. Nf4 Bb4 11. Bd3 dxc4 12. Bxc4 Nd5 13. Qb3 Qa5 14. O-O Na6 15. a3
Bxc3 16. bxc3 Nac7 17. Rac1 Re8 18. Rfe1 b5 19. Bd3 Bd7 20. e4 Nxf4 21. Bxf4
fxe4 22. Rxe4 Nd5 23. Be5 Rf8 24. Rg4 Rf7 25. Qc2 h6 26. Bg6 Raf8 27. Bxf7+ Rxf7
28. Qg6 Qxa3 29. Rf1 Qe7 30. Qxh6 Nf6 31. Rg6 Be8 32. Qg5 Nh7 33. Qg3 Nf6 34. h6
Nh5 35. Qg4 Rf5 36. hxg7 Bxg6 37. Qxg6 Nf6 38. Ra1 Ne4 39. Qh6 Kf7 40. Qh8 Rg5
41. Qf8+ Qxf8 42. gxf8=Q+ Kxf8 43. Rxa7 Rg6 44. Rb7 1-0

[Event "Titled Tue 26th Aug Early"]
[Site "chess.com INT"]
[Date "2025.08.26"]
[Round "7"]
[White "Kravtsiv, Martyn"]
[Black "Livaic, Leon"]
[Result "0-1"]
[WhiteTitle "GM"]
[BlackTitle "GM"]
[WhiteElo "2598"]
[BlackElo "2550"]
[WhiteFideId "14113147"]
[BlackFideId "14531534"]
[EventDate "2025.08.26"]

1. e4 d6 2. d4 Nf6 3. Nc3 e5 4. Nf3 Nbd7 5. Bc4 Be7 6. a4 O-O 7. O-O exd4 8.
Nxd4 Ne5 9. Ba2 Nc6 10. Re1 Nb4 11. Bb1 Re8 12. Na2 Nxa2 13. Bxa2 c5 14. Ne2 Be6
15. Bxe6 fxe6 16. Nf4 Bf8 17. h3 Qd7 18. b3 Qc6 19. e5 dxe5 20. Rxe5 Rad8 21.
Qe2 Bd6 22. Rxe6 Bxf4 23. Rxe8+ Rxe8 24. Qc4+ Qd5 25. Qxf4 Qd1+ 26. Kh2 Qxc2 27.
Qf3 Qe4 28. Qg3 Qe5 29. Qxe5 Rxe5 30. Be3 b6 31. a5 Nd5 32. axb6 axb6 33. Ra6
Re4 34. Bd2 Re2 35. Be3 Kf7 36. Ra7+ Kf6 37. Rd7 Nxe3 38. fxe3 Rxe3 39. Rd6+ Re6
40. Rd5 Ke7 41. Rd3 Rd6 42. Rg3 g6 43. h4 Ke6 44. Re3+ Kd5 45. Re7 h5 46. Kg3
Kd4 47. Kf4 Kc3 48. Re3+ Rd3 49. Rxd3+ Kxd3 50. Kg5 b5 51. Kxg6 c4 52. bxc4 bxc4 0-1

[Event "Titled Tue 26th Aug Early"]
[Site "chess.com INT"]
[Date "2025.08.26"]
[Round "7"]
[White "Poleg, Matan"]
[Black "Essing, Arnold"]
[Result "1-0"]
[WhiteTitle "FM"]
[BlackTitle "FM"]
[WhiteElo "2277"]
[BlackElo "2206"]
[WhiteFideId "2811472"]
[BlackFideId "4619862"]
[EventDate "2025.08.26"]

1. e4 Nf6 2. Nc3 e5 3. g3 d5 4. exd5 Nxd5 5. Bg2 Be6 6. Nf3 Nxc3 7. bxc3 Nc6 8.
O-O Bd6 9. d4 exd4 10. cxd4 Ne7 11. Ng5 Bd5 12. Bxd5 Nxd5 13. Nxf7 Kxf7 14. Qh5+
Kf8 15. Qxd5 c6 16. Qf5+ Qf6 17. Qd7 Qe7 18. Qf5+ Qf7 19. Qd3 h6 20. Ba3 Bxa3
21. Qxa3+ Qe7 22. Qb3 Qf7 23. c4 g6 24. d5 cxd5 25. cxd5 Kg7 26. Rab1 b6 27.
Rbc1 Rad8 28. Qc3+ Kh7 29. Rfd1 Rhf8 30. Qd4 Rd6 31. Rc6 Rfd8 32. Rxd6 Rxd6 33.
Qe5 Qd7 34. h4 h5 35. Rd4 a5 36. a4 Qd8 37. Kg2 Qd7 38. Qg5 Qd8 39. Qxd8 Rxd8
40. Kf3 Kg7 41. Ke4 Kf6 42. Rd3 Re8+ 43. Kd4 Re1 44. Rf3+ Ke7 45. Re3+ Kd7 46.
Rxe1 1-0

[Event "Titled Tue 26th Aug Early"]
[Site "chess.com INT"]
[Date "2025.08.26"]
[Round "7"]
[White "Goncharov, Vladimir"]
[Black "Raghav V"]
[Result "0-1"]
[BlackTitle "FM"]
[WhiteElo "2077"]
[BlackElo "2343"]
[WhiteFideId "34162256"]
[BlackFideId "25922475"]
[EventDate "2025.08.26"]

1. d4 Nf6 2. c4 g6 3. Nc3 d5 4. cxd5 Nxd5 5. e4 Nxc3 6. bxc3 Bg7 7. Bc4 c5 8.
Ne2 O-O 9. O-O Nc6 10. Be3 b6 11. dxc5 Qc7 12. cxb6 axb6 13. Bf4 Ne5 14. Bd5 Ra5
15. Qd2 Ba6 16. Rfd1 e6 17. Bb3 Qc6 18. Qe3 Nc4 19. Qf3 e5 20. Bg5 Qc7 21. Rd5
Bb7 22. Rxa5 Nxa5 23. Bd5 Ba6 24. Rd1 h6 25. Be3 Nc4 26. h4 Nb2 27. Rb1 Na4 28.
c4 Bxc4 29. Rc1 b5 30. Ng3 Qe7 31. h5 Bxd5 32. exd5 g5 33. Nf5 Qf6 34. g4 b4 35.
d6 Nc3 36. Qc6 Rd8 37. Qxc3 bxc3 38. Rxc3 Bf8 39. Rd3 Bxd6 40. Bb6 Rd7 41. a4
Qe6 42. a5 Bb8 0-1

[Event "Titled Tue 26th Aug Early"]
[Site "chess.com INT"]
[Date "2025.08.26"]
[Round "7"]
[White "Tang, Andrew"]
[Black "Krsnik Cohar, Ivan Vihor"]
[Result "1-0"]
[WhiteTitle "GM"]
[BlackTitle "FM"]
[WhiteElo "2538"]
[BlackElo "2362"]
[WhiteFideId "2059630"]
[BlackFideId "14520044"]
[EventDate "2025.08.26"]

1. d4 d5 2. Bf4 Bf5 3. Nf3 c6 4. c4 e6 5. Qb3 Qc8 6. Nc3 Nf6 7. e3 Be7 8. Rc1
O-O 9. h3 Nbd7 10. Be2 h6 11. O-O Ne4 12. cxd5 Nxc3 13. bxc3 exd5 14. c4 dxc4
15. Bxc4 Nb6 16. Be2 Nd5 17. Bg3 Kh8 18. Ne5 Bf6 19. Nc4 Be7 20. Bf3 Be6 21. e4
Nb6 22. d5 Nxc4 23. Rxc4 Bd7 24. Rb1 b5 25. Rc2 c5 26. d6 Bg5 27. h4 Bd8 28. e5
Rb8 29. Be4 Bb6 30. Bf4 Qd8 31. Qg3 c4 32. Rd1 Rc8 33. h5 b4 34. Re1 c3 35. Be3
a5 36. Bd3 a4 37. Qf4 Bxe3 38. Rxe3 f5 39. Qxb4 Qg5 40. e6 Bxe6 41. Rxe6 Qxh5
42. Re1 Qg5 43. d7 Rcd8 44. Rxc3 Rf7 45. Bb5 Kh7 46. Rg3 Qd2 47. Qxd2 1-0

[Event "Titled Tue 26th Aug Early"]
[Site "chess.com INT"]
[Date "2025.08.26"]
[Round "7"]
[White "Aarav Sarbalia"]
[Black "Gustafsson, Jan"]
[Result "1-0"]
[WhiteTitle "FM"]
[BlackTitle "GM"]
[WhiteElo "2232"]
[BlackElo "2591"]
[WhiteFideId "33382859"]
[BlackFideId "4625498"]
[EventDate "2025.08.26"]

1. e4 e5 2. Nf3 Nc6 3. d4 exd4 4. Nxd4 Nf6 5. Nxc6 bxc6 6. Nd2 d5 7. exd5 cxd5
8. b3 Be7 9. Bb2 O-O 10. Bd3 Bg4 11. f3 Be6 12. O-O Bd6 13. c4 c6 14. Qc2 h5 15.
f4 Ng4 16. h3 Bc5+ 17. Kh1 Ne3 18. Qc3 d4 19. Qc1 Nxf1 20. Qxf1 Bb4 21. Ne4 Bf5
22. a3 Re8 23. Qf3 Qe7 24. Ng5 Qe3 25. Bxf5 Qxf3 26. Nxf3 Bc3 27. Bxc3 dxc3 28.
Rc1 Re3 29. Kg1 Rae8 30. Rc2 R8e7 31. Kf2 g6 32. Bc8 Rd3 33. Ba6 c5 34. b4 Rc7
35. bxc5 Rxc5 36. Ne5 Rd2+ 37. Rxd2 cxd2 38. Ke2 Ra5 39. Bb5 Rxa3 40. Kxd2 Ra2+
41. Kc3 Kf8 42. c5 Ke7 43. c6 Kd6 44. Nxf7+ Kc7 45. Ng5 Rxg2 46. Ne6+ Kb6 47. c7
Rg1 48. Kb2 Rg2+ 49. Ka3 Rc2 50. Bd7 Rxc7 51. Nxc7 Kxc7 52. Be8 Kd6 53. Bxg6 h4
54. f5 Ke5 55. Kb4 1-0

[Event "Titled Tue 26th Aug Early"]
[Site "chess.com INT"]
[Date "2025.08.26"]
[Round "7"]
[White "Foldes, Marton Gabor"]
[Black "Kuznetsov, Felix"]
[Result "1-0"]
[WhiteTitle "FM"]
[BlackTitle "FM"]
[WhiteElo "2293"]
[BlackElo "2171"]
[WhiteFideId "794708"]
[BlackFideId "34147990"]
[EventDate "2025.08.26"]

1. e4 c5 2. Nc3 Nc6 3. Bb5 Nd4 4. Bc4 g6 5. Nge2 Bg7 6. d3 e6 7. Be3 Ne7 8. Bxd4
cxd4 9. Nb1 O-O 10. Nd2 d5 11. exd5 Nxd5 12. O-O b6 13. Nf3 Ne7 14. Qd2 Bb7 15.
Qf4 Nf5 16. Ng3 Qd6 17. Qg4 h5 18. Nxf5 exf5 19. Qg5 Bxf3 20. gxf3 Kh7 21. Kh1
Bh6 22. Qg3 Bf4 23. Qg2 Rae8 24. Rfe1 Re7 25. Qg1 Kg7 26. Rxe7 Qxe7 27. Re1 Qh4
28. Qg2 Rc8 29. Re2 Rc5 30. a4 Re5 31. Rxe5 Bxe5 32. h3 Qf4 33. Bb3 Qd2 34. Qf1
Bc7 35. Kg2 Qf4 36. Qh1 Qg5+ 37. Kf1 Qc1+ 38. Kg2 Qxb2 39. Qe1 Qa3 40. Qe8 Qf8
41. Qd7 Qd6 42. Qxf7+ Kh6 43. Kf1 Bd8 44. Be6 Bh4 45. Qg8 1-0

[Event "Titled Tue 26th Aug Early"]
[Site "chess.com INT"]
[Date "2025.08.26"]
[Round "7"]
[White "Shangin, Lev"]
[Black "Rosen, Eric"]
[Result "0-1"]
[BlackTitle "IM"]
[WhiteElo "2186"]
[BlackElo "2377"]
[WhiteFideId "55681085"]
[BlackFideId "2032562"]
[EventDate "2025.08.26"]

1. d4 d5 2. c4 e6 3. Nf3 Nf6 4. Nc3 Nbd7 5. cxd5 exd5 6. Bf4 Nb6 7. e3 Bf5 8.
Nh4 Bg6 9. Nxg6 hxg6 10. Bd3 Bd6 11. Bxd6 Qxd6 12. h3 c6 13. Qc2 O-O-O 14. O-O-O
Kb8 15. Kb1 g5 16. Ne2 g6 17. Rc1 Rh4 18. Qc5 Qxc5 19. Rxc5 Nc8 20. Ng1 g4 21.
Rc1 Rdh8 22. f3 Nd6 23. fxg4 Nxg4 24. Nf3 R4h6 25. Rhe1 Nf2 26. Bc2 f6 27. Nd2
Nfe4 28. Nxe4 Nxe4 29. Bxe4 dxe4 30. Rf1 f5 31. Rc5 Rh5 32. Rf2 Rg5 33. Kc2 Rg3
34. Kd2 Rh5 35. Rc1 Rhg5 36. Rg1 Rxh3 37. Ke2 Rh2 38. g3 Rh3 39. g4 fxg4 40.
Rf8+ Kc7 41. Rf7+ Kb6 42. Rf4 Rh2+ 43. Ke1 g3 44. Rxe4 Rxb2 45. Kf1 Rxa2 46. Rf4
Kc7 47. Rf7+ Kb6 48. Rf3 g2+ 49. Ke1 Rb5 50. Rff1 Rb1# 0-1

[Event "Titled Tue 26th Aug Early"]
[Site "chess.com INT"]
[Date "2025.08.26"]
[Round "7"]
[White "Babiarz, Arkadiusz"]
[Black "Lai, Duc Minh"]
[Result "1-0"]
[WhiteTitle "CM"]
[WhiteElo "2172"]
[BlackElo "2121"]
[WhiteFideId "21804362"]
[BlackFideId "12420387"]
[EventDate "2025.08.26"]

1. c4 c5 2. Nc3 g6 3. Nf3 Bg7 4. g3 Nc6 5. Bg2 d6 6. O-O Bf5 7. e4 Bg4 8. d3 h5
9. h3 Bxf3 10. Bxf3 h4 11. g4 e6 12. Bg2 g5 13. f4 gxf4 14. Bxf4 Nge7 15. Qd2
Ng6 16. Bg5 Bd4+ 17. Kh1 f6 18. Be3 Qe7 19. Rf2 O-O-O 20. Raf1 Rdf8 21. a3 Nge5
22. Bxd4 Nxd4 23. b4 Rhg8 24. bxc5 dxc5 25. Ne2 Nxe2 26. Qxe2 Nc6 27. e5 Nxe5
28. Qe4 Nc6 29. Rb2 Rg7 30. Rfb1 Qd6 31. Qe3 f5 32. Qh6 Rfg8 33. Bf3 fxg4 34.
Bxg4 Nd4 35. Qxh4 b6 36. Rg2 Nf5 37. Qf2 Nh6 38. Rbg1 Nxg4 39. Rxg4 Rxg4 40.
Rxg4 Rxg4 41. hxg4 Qxd3 42. Qf8+ Kc7 43. Qe7+ Qd7 44. Qf6 Qd1+ 45. Kh2 Qxg4 46.
Qe7+ Kc6 47. Qe8+ Kd6 48. Qd8+ Ke5 49. Qc7+ Kf5 50. Qxa7 Qe2+ 51. Kg3 Qe3+ 52.
Kg2 Qg5+ 53. Kf2 Qf4+ 54. Kg2 Qe4+ 55. Kf2 Qd4+ 56. Kg2 Qd6 57. Qf7+ Ke4 58.
Qf3+ 1-0

[Event "Titled Tue 26th Aug Early"]
[Site "chess.com INT"]
[Date "2025.08.26"]
[Round "7"]
[White "Carroll, Peter"]
[Black "Silwal, Purushottam"]
[Result "0-1"]
[WhiteTitle "FM"]
[BlackTitle "CM"]
[WhiteElo "2167"]
[BlackElo "2129"]
[WhiteFideId "2510243"]
[BlackFideId "12332313"]
[EventDate "2025.08.26"]

1. e4 c5 2. Nc3 Nc6 3. f4 g6 4. Nf3 Bg7 5. Bb5 Nd4 6. O-O a6 7. Bd3 b5 8. e5 Bb7
9. Be4 d5 10. exd6 Bxe4 11. dxe7 Nxf3+ 12. gxf3 Qd4+ 13. Kg2 Bc6 14. Re1 Qxf4
15. d3 Qg4+ 16. Kf2 Qh4+ 17. Kg2 Nxe7 18. Qe2 Qg4+ 19. Kf2 Bd4+ 20. Be3 Qh4+ 21.
Kg2 O-O 22. Bxd4 Qg4+ 23. Kf1 Bxf3 24. Qf2 cxd4 25. Rxe7 dxc3 26. bxc3 Bc6 27.
Rae1 Rfe8 28. Rxe8+ Rxe8 29. Rxe8+ Bxe8 30. Qa7 Qe6 31. d4 Bc6 32. a3 Qh3+ 33.
Ke1 Qxc3+ 34. Kd1 Bf3+ 35. Kc1 Qxa3+ 36. Kb1 Qb4+ 37. Ka1 Qc3+ 38. Kb1 Qb4+ 39.
Ka1 h5 40. Qb8+ Qf8 41. Qe5 Bg4 42. h4 Be6 43. d5 Qa3+ 44. Kb1 Bf5 45. d6 Qb3+
46. Ka1 Qxc2 47. Qe8+ Kg7 48. Qe5+ Kh7 49. Qe1 Qa4+ 50. Kb2 Qd4+ 51. Ka2 Qxd6
52. Qc3 Be6+ 53. Ka1 Qd1+ 54. Kb2 Qb3+ 55. Qxb3 Bxb3 56. Kxb3 f6 0-1

[Event "Titled Tue 26th Aug Early"]
[Site "chess.com INT"]
[Date "2025.08.26"]
[Round "7"]
[White "Karttunen, Mika"]
[Black "Kocharin, Timur"]
[Result "1-0"]
[WhiteTitle "IM"]
[BlackTitle "FM"]
[WhiteElo "2490"]
[BlackElo "2310"]
[WhiteFideId "502081"]
[BlackFideId "16240936"]
[EventDate "2025.08.26"]

1. e4 e5 2. Nf3 Nc6 3. Bb5 a6 4. Ba4 Nf6 5. O-O Be7 6. Re1 b5 7. Bb3 O-O 8. a4
Bb7 9. d3 d6 10. Bg5 Na5 11. Ba2 c5 12. Bxf6 Bxf6 13. Nc3 b4 14. Nd5 g6 15. c3
Nc6 16. Nd2 a5 17. Bc4 Bg7 18. Re3 Ne7 19. Nxe7+ Qxe7 20. Re1 Kh8 21. Qb3 f5 22.
Bd5 Bh6 23. Nc4 Bxd5 24. exd5 Qb7 25. Nxd6 Qd7 26. Nb5 Bg7 27. d6 Rad8 28. Qd5
Rfe8 29. Qxc5 bxc3 30. bxc3 e4 31. dxe4 fxe4 32. Rad1 Rc8 33. Qb6 Rc6 34. Qxa5
Rf8 35. Qa7 Qf5 36. d7 Rd8 37. f3 Re6 38. Rxe4 Rxe4 39. fxe4 Qxe4 40. h3 Bf6 41.
Kh1 Kg7 42. Qf2 Qe6 43. Qd2 h5 44. Qd5 Qe2 45. c4 Qe3 46. c5 Be5 47. Qf3 Qxc5
48. Qd5 Qe3 49. Qf3 Qc5 50. Qd3 Qf2 51. Rf1 Qh4 52. Qd5 Qe7 53. Rd1 Qf6 54. Nd4
Kh7 55. Ne6 Qh4 56. Qxe5 1-0

[Event "Titled Tue 26th Aug Early"]
[Site "chess.com INT"]
[Date "2025.08.26"]
[Round "7"]
[White "Lamaze, Simon"]
[Black "Durarbayli, Vasif"]
[Result "0-1"]
[WhiteTitle "IM"]
[BlackTitle "GM"]
[WhiteElo "2468"]
[BlackElo "2612"]
[WhiteFideId "36069264"]
[BlackFideId "13402935"]
[EventDate "2025.08.26"]

1. d4 Nf6 2. c4 e6 3. Nf3 b6 4. g3 Bb7 5. Bg2 Be7 6. O-O O-O 7. h4 a5 8. Re1 h6
9. Nc3 Bb4 10. Bd2 d6 11. Qc2 Bxc3 12. Qxc3 Nbd7 13. b3 Qe7 14. Qb2 Rfe8 15. Bc3
Ne4 16. Rad1 f5 17. d5 e5 18. Bh3 Qf7 19. a3 Bc8 20. b4 Ndf6 21. Nd2 g5 22. hxg5
hxg5 23. Bg2 Qh7 24. Nxe4 fxe4 25. Qc1 Qh5 26. f3 Kg7 27. Kf2 Rf8 28. Rh1 Qg6
29. Kg1 axb4 30. axb4 exf3 31. exf3 Bf5 32. Bd2 Nh7 33. c5 bxc5 34. bxc5 Ra2 35.
cxd6 cxd6 36. Qc3 Rc2 37. Qe3 Kg8 38. Rc1 Ra2 39. Rc7 Rf7 40. Rxf7 Kxf7 41. g4
Bb1 42. Bf1 Qc2 43. Rh2 Qd1 44. Qc3 Rc2 45. Rxh7+ Kg8 46. Qd3 Rxd2 47. Qa6 Bxh7
48. Qa8+ Kg7 49. Qb7+ Kh6 50. Qe7 Qxf3 51. Qxd6+ Bg6 52. Qf8+ Qxf8 0-1

[Event "Titled Tue 26th Aug Early"]
[Site "chess.com INT"]
[Date "2025.08.26"]
[Round "7"]
[White "Hejazipour, Mitra"]
[Black "Grot, Blazej"]
[Result "0-1"]
[WhiteTitle "WGM"]
[BlackTitle "CM"]
[WhiteElo "2329"]
[BlackElo "2207"]
[WhiteFideId "12505951"]
[BlackFideId "21835845"]
[EventDate "2025.08.26"]

1. e4 c5 2. Nc3 e6 3. Nf3 Nc6 4. d4 cxd4 5. Nxd4 Qc7 6. Be2 Nf6 7. Be3 a6 8. O-O
Be7 9. a4 O-O 10. f4 d6 11. Nb3 b6 12. Qe1 Bb7 13. Qg3 Rad8 14. f5 Kh8 15. Nd4
Nxd4 16. Bxd4 e5 17. Be3 Nxe4 18. Nxe4 Bxe4 19. f6 gxf6 20. Bf3 Rg8 21. Qf2 Bxf3
22. Qxf3 d5 23. c3 Rg6 24. Rad1 Bc5 25. Kh1 Kg7 26. Rd2 Bxe3 27. Qxe3 Qc6 28.
Rfd1 d4 29. Qf2 Qxa4 30. cxd4 exd4 31. h3 b5 32. h4 d3 33. Rxd3 Qxd1+ 34. Rxd1
Rxd1+ 35. Kh2 Rd5 36. b3 a5 37. Qe1 a4 38. bxa4 bxa4 39. Qb4 a3 40. Qxa3 Rd2 41.
Kh3 Rdxg2 42. Qf3 R6g3+ 43. Qxg3+ Rxg3+ 44. Kxg3 Kg6 45. Kg4 f5+ 46. Kf4 f6 47.
h5+ Kxh5 48. Kxf5 Kh4 49. Kxf6 h5 50. Kf5 Kg3 51. Kg5 h4 52. Kh5 h3 53. Kg5 h2 0-1

[Event "Titled Tue 26th Aug Early"]
[Site "chess.com INT"]
[Date "2025.08.26"]
[Round "7"]
[White "Adewumi, Tanitoluwa"]
[Black "Al-Tarboush, Ward"]
[Result "1-0"]
[WhiteTitle "IM"]
[BlackTitle "FM"]
[WhiteElo "2421"]
[BlackElo "2224"]
[WhiteFideId "30966396"]
[BlackFideId "7601450"]
[EventDate "2025.08.26"]

1. d4 Nf6 2. c4 b6 3. Nc3 Bb7 4. d5 e6 5. a3 Bd6 6. Nf3 O-O 7. g3 a5 8. Bg2 Na6
9. O-O Nc5 10. Nb5 exd5 11. Nxd6 cxd6 12. cxd5 Bxd5 13. Bf4 Qe7 14. Nh4 Qe6 15.
Re1 Bxg2 16. Nxg2 d5 17. Ne3 Rfe8 18. Nc2 h6 19. Nd4 Qe7 20. Nf5 Qe6 21. Nd4 Qe4
22. f3 Qg6 23. Rc1 Ne6 24. Be3 h5 25. Kf2 h4 26. g4 h3 27. Nf5 Nxg4+ 28. fxg4
Qf6 29. Kg1 g6 30. Nh6+ Kg7 31. Rf1 Qe5 32. Rxf7+ Kh8 33. Rf3 Rf8 34. Qd3 Rxf3
35. exf3 Rf8 36. Re1 Kg7 37. Qd2 Kh7 38. Bc5 Qf4 39. Qxf4 Rxf4 40. Be3 Rxf3 41.
g5 d4 42. Bd2 Rb3 43. Bc1 d3 44. Ng4 d2 45. Bxd2 Rxb2 46. Nf6+ Kg7 47. Ne4 Kf7
48. Bc3 Rg2+ 49. Kh1 d5 50. Nd6+ Ke7 51. Nc8+ Kf7 52. Bf6 Nf4 53. Nd6+ Kf8 54.
Re8# 1-0

[Event "Titled Tue 26th Aug Early"]
[Site "chess.com INT"]
[Date "2025.08.26"]
[Round "7"]
[White "Zlatin, Alexander"]
[Black "Gabrielian, Artur"]
[Result "0-1"]
[WhiteTitle "FM"]
[BlackTitle "GM"]
[WhiteElo "2264"]
[BlackElo "2407"]
[WhiteFideId "2810549"]
[BlackFideId "4131002"]
[EventDate "2025.08.26"]

1. e4 e5 2. Nf3 Nf6 3. Nxe5 d6 4. Nf3 Nxe4 5. Nc3 d5 6. d3 Nxc3 7. bxc3 Be7 8.
d4 Bf5 9. Bd3 Bg6 10. O-O Nd7 11. Rb1 Rb8 12. c4 dxc4 13. Bxc4 O-O 14. Bd3 c6
15. Bxg6 hxg6 16. Bf4 Nb6 17. Bxb8 Qxb8 18. Ne5 Bf6 19. f4 Qd6 20. Qd3 Rd8 21.
c3 Qa3 22. g4 g5 23. Nc4 Qa6 24. fxg5 Bxg5 25. Rb4 Be7 26. Qf5 Rf8 27. Nxb6 axb6
28. Rb2 Qc4 29. Qf3 Bd6 30. Re2 b5 31. h4 b4 32. cxb4 Qxd4+ 33. Kg2 Qxb4 34. Re8
Qc4 35. Rxf8+ Bxf8 36. h5 Qxa2+ 37. Rf2 Qe6 38. g5 Bc5 39. Re2 Qd7 40. g6 Kf8
41. Rc2 Bd4 42. Ra2 Qd5 43. Ra8+ Ke7 44. Qxd5 cxd5 45. gxf7 Kxf7 46. Rb8 b6 47.
Kf3 Bc5 48. Kf4 Bd6+ 49. Kf5 Bxb8 50. h6 b5 51. h7 g6+ 52. Kg5 Be5 53. Kh6 Bh8
54. Kg5 b4 0-1

[Event "Titled Tue 26th Aug Early"]
[Site "chess.com INT"]
[Date "2025.08.26"]
[Round "7"]
[White "Sevig, Mert Can"]
[Black "Csonka, Balazs"]
[Result "1/2-1/2"]
[WhiteTitle "CM"]
[BlackTitle "IM"]
[WhiteElo "2143"]
[BlackElo "2467"]
[WhiteFideId "44546335"]
[BlackFideId "742910"]
[EventDate "2025.08.26"]

1. Nf3 Nf6 2. g3 d5 3. Bg2 e6 4. d3 c5 5. O-O Nc6 6. Nbd2 a5 7. a4 Be7 8. e4 O-O
9. e5 Nd7 10. Re1 Qc7 11. Qe2 b6 12. Nf1 Ba6 13. c3 b5 14. axb5 Bxb5 15. h4 a4
16. N1h2 Na5 17. Bf4 Nb3 18. Rab1 c4 19. d4 a3 20. bxa3 Rxa3 21. Ng4 Rfa8 22.
Ng5 h6 23. Nxh6+ gxh6 24. Nxf7 Bf8 25. Qh5 Bg7 26. Bxh6 Nf8 27. Bxg7 Kxg7 28.
Nd6 Bc6 29. Re3 Ng6 30. Rf3 Rf8 31. Rxf8 Nxf8 32. Qg5+ Kh8 33. Re1 Qg7 34. Qd8
Ra8 35. Qb6 Qd7 36. Re3 Nd2 37. h5 Nh7 38. Qb4 Ng5 39. Qb2 Nde4 40. Bxe4 Nxe4
41. Nxe4 dxe4 42. Qe2 Bd5 43. Qg4 Qf7 44. Qg5 Ra1+ 45. Kg2 Ra2 46. Qd8+ Kh7 47.
Qg5 Qxf2+ 48. Kh3 Qf1+ 49. Kg4 Qd1+ 50. Kh3 Qf1+ 51. Kh4 Qh1+ 52. Kg4 Qd1+ 53.
Kh3 Qf1+ 1/2-1/2